[Event "24. Open de la Sal San Fernando"]
[Site "San Fernando ESP"]
[Date "2011.07.18"]
[Round "5.5"]
[White "Luna Cortes, Luis"]
[Black "Garcia Del Campo, Efren"]
[Result "1-0"]
[WhiteElo "2143"]
[BlackElo "1917"]
[PlyCount "113"]
[EventDate "2011.07.16"]
[EventType "swiss"]
[EventRounds "7"]
[EventCountry "ESP"]
[Source "lmi"]
[SourceDate "2011.07.16"]

1. d4 Nf6 2. Nf3 d5 3. Bf4 e6 4. c3 Bd6 5. Ne5 Nbd7 6. e3 O-O 7. Nd2 Ne4 8.
Nxe4 dxe4 9. Qc2 f5 10. Nxd7 Bxd7 11. Bxd6 cxd6 12. Qb3 b5 13. d5 e5 14. Qc2
Qb6 15. Be2 Qd8 16. O-O Rf6 17. f4 Qb6 18. Qd2 exf4 19. Rxf4 g5 20. Rff1 Raf8
21. Qd4 Qxd4 22. cxd4 Rc8 23. Rac1 Rff8 24. Kf2 a6 25. Rfd1 Kf7 26. g3 Ke7 27.
Rxc8 Rxc8 28. Ke1 Rc2 29. Rb1 Bc8 30. Kd1 Rc7 31. Kd2 Bb7 32. Rf1 Bc8 33. Bd1
Kd8 34. a4 Bd7 35. axb5 axb5 36. Be2 Kc8 37. Bh5 b4 38. Bd1 Kb7 39. Bb3 Kb6 40.
g4 fxg4 41. Rf6 Kb7 42. Rxd6 Bf5 43. Rf6 Bg6 44. Bd1 Rf7 45. Re6 Rf2+ 46. Kc1
Rxh2 47. Re7+ Kc8 48. Bxg4+ Kd8 49. d6 h5 50. Be6 Rh1+ 51. Kd2 Rh2+ 52. Kc1 b3
53. Bxb3 Bf5 54. Ba4 Kc8 55. Bc6 Kb8 56. Rb7+ Kc8 57. Ra7 1-0

[Event "24. Open de la Sal San Fernando"]
[Site "San Fernando ESP"]
[Date "2011.07.19"]
[Round "6.1"]
[White "Garcia Jimenez, Francisco Javie"]
[Black "Garrido Dominguez, Jesus"]
[Result "1-0"]
[WhiteElo "2288"]
[BlackElo "2398"]
[PlyCount "141"]
[EventDate "2011.07.16"]
[EventType "swiss"]
[EventRounds "7"]
[EventCountry "ESP"]
[Source "lmi"]
[SourceDate "2011.07.16"]

1. e4 d6 2. g3 Nf6 3. Bg2 e5 4. Ne2 Be7 5. O-O c6 6. h3 d5 7. exd5 Nxd5 8. b3
O-O 9. Bb2 Qc7 10. Na3 Rd8 11. Nc4 Nd7 12. Nc3 N5b6 13. Nxb6 Nxb6 14. Qe2 Bf5
15. d3 Bf8 16. Nd1 Re8 17. Ne3 Bg6 18. a4 Rad8 19. a5 Nd5 20. Nc4 f6 21. Kh2 b5
22. axb6 axb6 23. Ra6 b5 24. Ne3 Nb4 25. Raa1 f5 26. Bc3 h5 27. Qd2 Rd4 28.
Rfe1 f4 29. Nf1 Nxd3 30. cxd3 Rxd3 31. Qb2 e4 32. gxf4 Qxf4+ 33. Kg1 Bc5 34.
Bxg7 Bf5 35. b4 Bxh3 36. bxc5 Bxg2 37. Qf6 Qxf6 38. Bxf6 Bf3 39. Ra7 Re6 40.
Rg7+ Kf8 41. Bb2 Rb3 42. Bd4 Rd3 43. Bb2 Rb3 44. Ba1 Ra3 45. Rg5 Kf7 46. Nd2 b4
47. Nc4 Rb3 48. Nd6+ Kf8 49. Bg7+ Ke7 50. Ra1 Ra3 51. Bb2 Rxa1+ 52. Bxa1 Kf8
53. Kf1 h4 54. Bg7+ Ke7 55. Bd4 Kf8 56. Kg1 h3 57. Kh2 Bg2 58. Rg3 Bf1 59. Nf5
Bd3 60. Rxh3 b3 61. Rh8+ Kf7 62. Rb8 Rg6 63. Rxb3 Ke6 64. Ng3 Kd5 65. Be3 Rg8
66. Rb7 Bc2 67. Rd7+ Kc4 68. Rd4+ Kb5 69. Nxe4 Rh8+ 70. Kg3 Rg8+ 71. Ng5 1-0

[Event "24. Open de la Sal San Fernando"]
[Site "San Fernando ESP"]
[Date "2011.07.19"]
[Round "6.2"]
[White "Mingo Fernandez, Matias"]
[Black "Luna Cortes, Luis"]
[Result "1/2-1/2"]
[WhiteElo "2189"]
[BlackElo "2143"]
[PlyCount "41"]
[EventDate "2011.07.16"]
[EventType "swiss"]
[EventRounds "7"]
[EventCountry "ESP"]
[Source "lmi"]
[SourceDate "2011.07.16"]

1. e4 e6 2. d4 d5 3. exd5 exd5 4. Nc3 Nf6 5. Bd3 Be7 6. Bg5 c6 7. Nge2 O-O 8.
O-O Be6 9. Re1 h6 10. Bh4 Re8 11. Bg3 Nbd7 12. a3 Nf8 13. Nf4 Bd6 14. Nxe6 Rxe6
15. Qd2 Rxe1+ 16. Rxe1 Nh5 17. Ne2 Nxg3 18. Nxg3 Qh4 19. c3 Nd7 20. Qe3 a6 21.
Qf3 1/2-1/2

[Event "24. Open de la Sal San Fernando"]
[Site "San Fernando ESP"]
[Date "2011.07.19"]
[Round "6.3"]
[White "Lazarev, Vladimir"]
[Black "Castellanos Bogalo, Antonio"]
[Result "1-0"]
[WhiteElo "2445"]
[BlackElo "2092"]
[PlyCount "101"]
[EventDate "2011.07.16"]
[EventType "swiss"]
[EventRounds "7"]
[EventCountry "ESP"]
[Source "lmi"]
[SourceDate "2011.07.16"]

1. Nf3 g6 2. c4 Bg7 3. e4 d6 4. d4 Nc6 5. d5 Ne5 6. Nxe5 dxe5 7. Nc3 e6 8. Qa4+
Bd7 9. Qb3 b6 10. c5 exd5 11. Nxd5 c6 12. Nc3 Ne7 13. Be3 Be6 14. Qc2 b5 15.
Be2 O-O 16. O-O Qc7 17. a4 a6 18. b4 f5 19. f3 f4 20. Bf2 Rae8 21. Qb2 Nc8 22.
Bd1 Qf7 23. Be2 Kh8 24. axb5 axb5 25. Ra6 Qb7 26. Rfa1 Rd8 27. Nxb5 Rd7 28. Nc3
Rd4 29. b5 Bd7 30. Qb1 cxb5 31. Bxb5 Bxb5 32. Qxb5 Qxb5 33. Nxb5 Rd2 34. Nc7
Rd7 35. Ne6 Re8 36. Kf1 Rde7 37. Nxg7 Kxg7 38. Ra8 Re6 39. Rb1 Rc6 40. Rb7+ Kg8
41. Ke2 g5 42. Rd7 h6 43. Kd3 h5 44. Kc4 h4 45. Kb4 Kf8 46. Rb7 Rd8 47. Kb5 Re6
48. Rbb8 Ree8 49. Ka5 Ke7 50. Rb7+ Ke6 51. Ra6+ 1-0

[Event "24. Open de la Sal San Fernando"]
[Site "San Fernando ESP"]
[Date "2011.07.19"]
[Round "6.4"]
[White "Burgos Figueroa, Carlos E"]
[Black "Diaz Montenegro, Ignacio"]
[Result "1-0"]
[WhiteElo "2302"]
[BlackElo "1999"]
[PlyCount "71"]
[EventDate "2011.07.16"]
[EventType "swiss"]
[EventRounds "7"]
[EventCountry "ESP"]
[Source "lmi"]
[SourceDate "2011.07.16"]

1. e4 c6 2. d4 d5 3. exd5 cxd5 4. Bd3 Nf6 5. c3 g6 6. Bf4 Bg7 7. Nf3 O-O 8. h3
Nc6 9. Nbd2 Qb6 10. Qb3 Qxb3 11. axb3 Nd7 12. O-O e5 13. dxe5 Ndxe5 14. Nxe5
Nxe5 15. Bxe5 Bxe5 16. Nf3 Bf6 17. Ra5 Be6 18. Rfa1 a6 19. Nd4 Bxd4 20. cxd4
Rac8 21. b4 Rc7 22. Kf1 Re8 23. Rc5 Ree7 24. Rac1 Rxc5 25. bxc5 Rc7 26. Rc3 Kf8
27. Ke2 Ke7 28. Rb3 Bc8 29. Rb6 Kd7 30. Rd6+ Ke7 31. Rxd5 Rd7 32. Rxd7+ Bxd7
33. Be4 Bc6 34. d5 Bb5+ 35. Ke3 f5 36. d6+ 1-0

[Event "24. Open de la Sal San Fernando"]
[Site "San Fernando ESP"]
[Date "2011.07.19"]
[Round "6.5"]
[White "Montero Melendez, Rafael"]
[Black "Ruiz Ledo, Antonio"]
[Result "1-0"]
[WhiteElo "2278"]
[BlackElo "2045"]
[PlyCount "71"]
[EventDate "2011.07.16"]
[EventType "swiss"]
[EventRounds "7"]
[EventCountry "ESP"]
[Source "lmi"]
[SourceDate "2011.07.16"]

1. c4 c5 2. g3 g6 3. Bg2 Bg7 4. Nc3 Nc6 5. Nf3 e5 6. O-O Nge7 7. a3 O-O 8. Rb1
a5 9. Ne1 d6 10. Nc2 Be6 11. Ne3 Rb8 12. Ned5 f5 13. d3 h6 14. Bd2 Kh7 15. b4
axb4 16. axb4 Bxd5 17. Nxd5 Nxd5 18. Bxd5 Nxb4 19. Bxb4 cxb4 20. Rxb4 b6 21.
Qb3 f4 22. Kg2 fxg3 23. hxg3 h5 24. Be4 Kh6 25. Rb1 Qf6 26. f3 Qd8 27. Rxb6
Rxb6 28. Qxb6 Qxb6 29. Rxb6 Rf6 30. f4 exf4 31. gxf4 g5 32. fxg5+ Kxg5 33. Rb5+
Kh4 34. Rd5 Bh6 35. Bf3 Bg5 36. Rd4+ 1-0

[Event "24. Open de la Sal San Fernando"]
[Site "San Fernando ESP"]
[Date "2011.07.20"]
[Round "7.1"]
[White "Burgos Figueroa, Carlos E"]
[Black "Lazarev, Vladimir"]
[Result "1-0"]
[WhiteElo "2302"]
[BlackElo "2445"]
[PlyCount "109"]
[EventDate "2011.07.16"]
[EventType "swiss"]
[EventRounds "7"]
[EventCountry "ESP"]
[Source "lmi"]
[SourceDate "2011.07.16"]

1. e4 c5 2. Nf3 Nc6 3. d4 cxd4 4. Nxd4 Qc7 5. Nxc6 bxc6 6. Bd3 Nf6 7. Nc3 e6 8.
O-O Be7 9. Kh1 Bb7 10. Qe2 d5 11. f4 O-O 12. e5 Nd7 13. Be3 g6 14. Nd1 f6 15.
exf6 Bxf6 16. c3 e5 17. fxe5 Nxe5 18. Nf2 c5 19. Ng4 Nxg4 20. Qxg4 Qc6 21. Rf3
Bg7 22. Raf1 Rxf3 23. Rxf3 Rf8 24. Rxf8+ Bxf8 25. h4 Qc8 26. Qg3 Qe6 27. Bf4 d4
28. cxd4 cxd4 29. b3 Bd5 30. h5 Kf7 31. Kg1 Bg7 32. Qg5 Qe1+ 33. Kh2 Qe6 34.
hxg6+ hxg6 35. Bxg6+ Qxg6 36. Qxd5+ Qe6 37. Qxe6+ Kxe6 38. Kg3 Kd5 39. Kf3 Bf8
40. Bd2 a6 41. g4 Ke5 42. g5 Kf5 43. b4 Be7 44. a4 Bxb4 45. Bxb4 Kxg5 46. Ke4
Kf6 47. Kxd4 Ke6 48. Kc5 a5 49. Be1 Kd7 50. Kb6 Kc8 51. Bg3 Kd7 52. Kxa5 Kc6
53. Ka6 Kc5 54. a5 Kc6 55. Bh2 1-0

[Event "24. Open de la Sal San Fernando"]
[Site "San Fernando ESP"]
[Date "2011.07.20"]
[Round "7.2"]
[White "Luna Cortes, Luis"]
[Black "Garcia Jimenez, Francisco Javie"]
[Result "0-1"]
[WhiteElo "2143"]
[BlackElo "2288"]
[PlyCount "88"]
[EventDate "2011.07.16"]
[EventType "swiss"]
[EventRounds "7"]
[EventCountry "ESP"]
[Source "lmi"]
[SourceDate "2011.07.16"]

1. e4 d5 2. exd5 Qxd5 3. Nc3 Qa5 4. d4 Nf6 5. Nf3 Bf5 6. Be2 e6 7. O-O c6 8.
Bf4 Bb4 9. Bd3 Nbd7 10. Ne5 Bxd3 11. Qxd3 Bxc3 12. bxc3 Nd5 13. Bd2 Nxe5 14.
dxe5 Nb6 15. Be3 Rd8 16. Bxb6 axb6 17. Qe3 O-O 18. h3 Rd5 19. f4 Qc5 20. Qxc5
Rxc5 21. Rab1 b5 22. Rb3 Ra8 23. a3 Ra4 24. g3 h6 25. Re1 Rac4 26. Re3 g5 27.
fxg5 hxg5 28. Kf1 Kg7 29. Ke1 Kg6 30. Kd2 Rd5+ 31. Kc1 Rcc5 32. a4 Rxe5 33.
Rxe5 Rxe5 34. c4 bxa4 35. Rxb7 Ra5 36. Kb1 Ra6 37. c3 f5 38. Kc2 a3 39. Rb1 a2
40. Ra1 f4 41. gxf4 gxf4 42. Kd3 Kf5 43. h4 e5 44. h5 c5 0-1

[Event "24. Open de la Sal San Fernando"]
[Site "San Fernando ESP"]
[Date "2011.07.20"]
[Round "7.3"]
[White "Garrido Dominguez, Jesus"]
[Black "Mingo Fernandez, Matias"]
[Result "0-1"]
[WhiteElo "2398"]
[BlackElo "2189"]
[PlyCount "120"]
[EventDate "2011.07.16"]
[EventType "swiss"]
[EventRounds "7"]
[EventCountry "ESP"]
[Source "lmi"]
[SourceDate "2011.07.16"]

1. e4 e6 2. d4 d5 3. Nd2 dxe4 4. Nxe4 Nd7 5. Bd3 Ngf6 6. Qe2 b6 7. Nf3 Bb7 8.
O-O Be7 9. Bf4 O-O 10. Rad1 Nxe4 11. Bxe4 Bxe4 12. Qxe4 Nf6 13. Qe2 Nd5 14. Bg3
Bf6 15. c4 Ne7 16. Be5 Nf5 17. Rfe1 Bxe5 18. Qxe5 Ne7 19. Qe4 c6 20. h4 h6 21.
Ne5 Qc7 22. Rd3 Rad8 23. b4 Rd6 24. a4 a6 25. Rf3 Qd8 26. Nxf7 Rxf7 27. Rxf7
Kxf7 28. c5 bxc5 29. dxc5 Rd5 30. Qxe6+ Kf8 31. Re4 Rf5 32. f3 Rf6 33. Qb3 Qd2
34. b5 axb5 35. axb5 cxb5 36. Qxb5 Rf5 37. Kh2 Qd8 38. Rc4 Qc7+ 39. Kg1 Rd5 40.
Qb4 Kg8 41. Rc1 Nc6 42. Qc4 Qf7 43. Qe4 Qd7 44. Qe3 Rd2 45. Rc4 Rd1+ 46. Kh2
Qc7+ 47. g3 Qd7 48. Rc2 Rd3 49. Qf4 Nd4 50. c6 Qc8 51. Rc5 Nxf3+ 52. Kg2 Ne1+
53. Kh2 Rd2+ 54. Kg1 Rd1 55. Qc4+ Kh8 56. Rd5 Nd3+ 57. Kg2 Rd2+ 58. Kg1 Qa8 59.
Rf5 Qa7+ 60. Kh1 Qa1+ 0-1

[Event "24. Open de la Sal San Fernando"]
[Site "San Fernando ESP"]
[Date "2011.07.20"]
[Round "7.4"]
[White "Herrera Mellado, Luis"]
[Black "Montero Melendez, Rafael"]
[Result "1/2-1/2"]
[WhiteElo "2051"]
[BlackElo "2278"]
[PlyCount "136"]
[EventDate "2011.07.16"]
[EventType "swiss"]
[EventRounds "7"]
[EventCountry "ESP"]
[Source "lmi"]
[SourceDate "2011.07.16"]

1. e4 d6 2. d4 Nf6 3. Nc3 g6 4. Nf3 Bg7 5. h3 O-O 6. Be2 a6 7. a4 b6 8. O-O Bb7
9. d5 c6 10. Re1 Nbd7 11. Bf1 Re8 12. Bf4 Qc7 13. Ra3 Ne5 14. Bxe5 dxe5 15.
dxc6 Bxc6 16. Bd3 e6 17. Qe2 Bb7 18. Nb1 Bf8 19. Ra1 Nd7 20. c3 Nc5 21. Bc2
Rad8 22. Nbd2 Bg7 23. Red1 a5 24. b3 Ba6 25. Nc4 Rxd1+ 26. Rxd1 Rc8 27. Qe3
Nxa4 28. bxa4 Bxc4 29. Rb1 Rb8 30. Bd3 Bxd3 31. Qxd3 Bf8 32. c4 Rd8 33. Qc3 f6
34. Qc2 Bc5 35. g3 Qd7 36. Rb2 Qd1+ 37. Kg2 Qxc2 38. Rxc2 Rd1 39. Rd2 Rc1 40.
g4 Rxc4 41. g5 Be7 42. Rd7 Kf8 43. Rb7 Rxa4 44. gxf6 Bxf6 45. Rxb6 Rxe4 46.
Rxe6 Kf7 47. Ra6 a4 48. Ra7+ Ke6 49. Rxh7 Be7 50. Rh6 Kf7 51. Rh7+ Kf6 52. h4
a3 53. Ng5 Rxh4 54. Rxh4 Kxg5 55. Ra4 Kf5 56. f3 Ke6 57. Kf2 Kd5 58. Ke2 Kc6
59. Kd3 Kb5 60. Ra8 Bb4 61. Rb8+ Ka4 62. Kc2 Bc5 63. Kb1 Bd4 64. Ka2 Bb2 65.
Rg8 Kb4 66. Rxg6 Kc3 67. Rd6 Kc4 68. Rd7 Kc5 1/2-1/2